Statistics for UNESCO World Hertiage Sites

Click here to take the quiz!

General Stats

  • This quiz has been taken 379 times
    (336 since last reset)
  • The average score is 119 of 157

Answer Stats

HintAnswer% Correct
45China
97%
49Italy
97%
28United Kingdom of Great Britain and Northern Ireland
97%
21United States of America
97%
38France
96%
25Russian Federation (Russia)
95%
38Germany
94%
17Canada
93%
30India
93%
17Japan
93%
32Mexico
93%
44Spain
93%
8Argentina
92%
19Australia
91%
7Egypt
91%
17Greece
91%
7Finland
90%
7Norway
90%
15Portugal
90%
15Sweden
90%
19Brazil
89%
5Chile
89%
10Republic of Korea (South Korea)
89%
16Islamic Republic of Iran
88%
3New Zealand
88%
11Turkey
88%
2Ireland
87%
11Peru
87%
8South Africa
87%
5Thailand
87%
2Cambodia
86%
8Indonesia
86%
6Pakistan
86%
14Poland
86%
7Algeria
85%
9Austria
85%
3Iraq
85%
7Israel
85%
2Latvia
85%
7Vietnam
85%
7Croatia
84%
2Estonia
84%
2Iceland
84%
4Jordan
84%
9Morocco
84%
3Bolivarian Republic of Venezuela
83%
4Lithuania
83%
7Romania
83%
2Saudi Arabia
83%
4Serbia
83%
11Switzerland
83%
4Belarus
82%
11Belgium
82%
4Denmark
82%
8Hungary
82%
2Lao People's Republic (Laos)
82%
5Libya
82%
4Nepal
82%
3Niger
82%
4Oman
82%
7Slovakia
82%
2Bosnia and Herzegovina
81%
9Bulgaria
81%
7Colombia
81%
6Kenya
81%
4Malaysia
81%
9Netherlands
81%
5Panama
81%
6Plurinational State of Bolivia
81%
3Slovenia
81%
4Yemen
81%
4Ecuador
80%
3Guatemala
80%
2Nigeria
80%
6Syrian Arab Republic (Syria)
80%
8Tunisia
80%
7Ukraine
80%
1United Arab Emirates
80%
7United Republic of Tanzania
80%
1Uruguay
80%
9Cuba
79%
12Czech Republic
78%
2Holy See (Vatican City)
78%
4Mali
78%
3Malta
78%
2Sudan
78%
3Costa Rica
77%
9Ethiopia
77%
1Paraguay
77%
5Democratic Republic of the Congo
76%
2Honduras
76%
3Mongolia
76%
4Uzbekistan
76%
2Afghanistan
75%
2Albania
75%
3Cyprus
75%
2Democratic People's Republic of Korea (North Korea)
75%
1Luxembourg
75%
2Montenegro
75%
2Namibia
75%
1Qatar
75%
1Republic of the Congo
75%
3Armenia
73%
3Georgia
73%
5Lebanon
73%
1Andorra
72%
3Bangladesh
72%
2Ghana
72%
1Haiti
72%
1The Former Yugoslav Republic of Macedonia
72%
1Dominica
71%
2Suriname
71%
2Azerbaijan
70%
2Nicaragua
70%
1Belize
69%
1El Salvador
69%
1San Marino
69%
7Senegal
69%
2Tajikistan
69%
8Sri Lanka
68%
3Turkmenistan
68%
5Zimbabwe
68%
1Republic of Moldova
67%
1Zambia
67%
2Bahrain
66%
1Fiji
66%
3Kazakhstan
65%
5Philippines
65%
3Uganda
65%
1Dominican Republic
64%
1Togo
64%
1Botswana
62%
2Cameroon
62%
1Guinea
62%
1Mozambique
62%
1Benin
60%
2Mauritania
60%
2Gambia
59%
1Gabon
58%
1Barbados
57%
1Kyrgyzstan
56%
1Saint Lucia
56%
2Seychelles
56%
4Côte d'Ivoire
55%
1Papua New Guinea
54%
1Lesotho
53%
2Mauritius
53%
1Palau
51%
1Solomon Islands
51%
1Kiribati
49%
1Marshall Islands
48%
1Burkina Faso
47%
1Vanuatu
47%
1Saint Kitts and Nevis
46%
1Cape Verde
45%
2Central African Republic
26%
1Palestine
26%

Score Distribution

Percentile by Number Answered

Percent of People with Each Score

Your Score History

You have not taken this quiz since the last reset